Els grans reis del segle XIII (Record no. 171621)

MARC details
000 -LEADER
campo de control de longitud fija 00935nam a22002655i 4500
001 - NÚMERO DE CONTROL
campo de control 171621
003 - IDENTIFICADOR DE NÚMERO DE CONTROL
campo de control ES-MaACL
005 - FECHA Y HORA DE LA ÚLTIMA TRANSACCIÓN
campo de control 20250730225922.0
008 - DATOS DE LONGITUD FIJA--INFORMACIÓN GENERAL
campo de control de longitud fija 090522s1955 sp |||| | cat d
080 ## - NÚMERO DE LA CLASIFICACIÓN DECIMAL UNIVERSAL
Número de la Clasificación Decimal Universal 929 (Jaime (465) I)
080 ## - NÚMERO DE LA CLASIFICACIÓN DECIMAL UNIVERSAL
Número de la Clasificación Decimal Universal 929 (Pedro (465) III)
100 1# - ENTRADA PRINCIPAL--NOMBRE DE PERSONA
Nombre de persona Soldevila, Ferran.
9 (RLIN) 107111
245 14 - MENCIÓN DEL TÍTULO
Título Els grans reis del segle XIII
Resto del título : Jaume I, Pere el Gran /
Mención de responsabilidad, etc. per Ferran Soldevila.
250 ## - MENCION DE EDICION
Mención de edición [1ª ed.].
260 ## - PUBLICACIÓN, DISTRIBUCIÓN, ETC.
Lugar de publicación, distribución, etc. Barcelona :
Nombre del editor, distribuidor, etc. Teide,
Fecha de publicación, distribución, etc. 1955.
300 ## - DESCRIPCIÓN FÍSICA
Extensión 170 p., 1 lám. ;
Dimensiones 21 cm.
490 1# - MENCIÓN DE SERIE
Mención de serie Biografies catalanes ;
Designación de volumen o secuencia 5
600 04 - PUNTO DE ACCESO ADICIONAL DE MATERIA--NOMBRE DE PERSONA
Nombre de persona Jaime
Numeración I
Títulos y otros términos asociados al nombre Rey de Aragón.
9 (RLIN) 65934
600 07 - PUNTO DE ACCESO ADICIONAL DE MATERIA--NOMBRE DE PERSONA
Nombre de persona Pedro
Numeración III,
Títulos y otros términos asociados al nombre Rey de Aragón
Fuente del encabezamiento o término
9 (RLIN) 140296
651 #4 - PUNTO DE ACCESO ADICIONAL DE MATERIA--NOMBRE GEOGRÁFICO
Nombre geográfico Aragón (Reino)-
Subdivisión general Historia-
Subdivisión cronológica 1276-1285, Pedro III.
9 (RLIN) 140295
651 #4 - PUNTO DE ACCESO ADICIONAL DE MATERIA--NOMBRE GEOGRÁFICO
Nombre geográfico Aragón (Reino)-
Subdivisión general Historia-
Subdivisión cronológica 1213-1276, Jaime I.
9 (RLIN) 140294
830 0# - PUNTO DE ACCESO ADICIONAL DE SERIE-TÍTULO UNIFORME
Título uniforme Biografies catalanes ;
Designación de volumen o secuencia 5
9 (RLIN) 223192
852 ## - LOCALIZACIÓN
Ubicación ES-MaACL
Número de control de estantería C-9808
itemnumber R.37321
Holdings
Estatus retirado Estado de pérdida Estado de daño No para préstamo Biblioteca de origen Biblioteca actual Ubicación en estantería Fecha de adquisición Total de préstamos Signatura topográfica completa Código de barras Visto por última vez Precio de reemplazo Tipo de ítem Koha
        Biblioteca del Ateneo de Madrid Biblioteca del Ateneo de Madrid Sala Palomar 14/04/2011   C-9808 1186693 23/02/2023 23/02/2023 Libro impreso